Deutschland (Record no. 7499)

MARC details
000 -CABECERA
campo de control de longitud fija 00521nam a2200193 a 4500
001 - NÚMERO DE CONTROL
campo de control BRCA_7825
005 - FECHA Y HORA DE LA ÚLTIMA TRANSACCIÓN
campo de control 20190320210019.0
008 - DATOS DE LONGITUD FIJA--INFORMACIÓN GENERAL
campo de control de longitud fija 011113s1950----gw-a######---#000-0#ger-#
041 ## - CÓDIGO DE LENGUA
Código de lengua del texto/banda sonora o título independiente ger
044 ## - CÓDIGO DEL PAÍS DE LA ENTIDAD EDITORA/PRODUCTORA
Código MARC del país gw
050 #4 - SIGNATURA TOPOGRÁFICA DE LA BIBLIOTECA DEL CONGRESO
Número de clasificación DD20
Número de documento/Ítem .D48 1950
245 10 - MENCIÓN DE TÍTULO
Título Deutschland
Resto del título ein Farbbildwerk deutscher Stadte und Landschaften.
260 ## - PUBLICACIÓN, DISTRIBUCIÓN, ETC.
Lugar de publicación, distribución, etc. Múnich
Nombre del editor, distribuidor, etc. Apollo
Fecha de publicación, distribución, etc. c1950
300 ## - DESCRIPCIÓN FÍSICA
Extensión 4 p.
Otras características físicas il. a color, 38 láminas
Dimensiones 41 cm.
500 ## - NOTA GENERAL
Nota general Y21
651 #4 - PUNTO DE ACCESO ADICIONAL DE MATERIA--NOMBRE GEOGRÁFICO
Nombre geográfico Alemania
Subdivisión general Descripción y viajes
9 (RLIN) 15739
902 ## - CATALOGADOR
Iniciales GFM
942 ## - ELEMENTOS DE PUNTO DE ACCESO ADICIONAL (KOHA)
Fuente del sistema de clasificación o colocación Library of Congress Classification
Tipo de ítem Koha Libros
Holdings
Estado de retiro Estado de pérdida Estado dañado No para préstamo Localización permanente Ubicación/localización actual Fecha de adquisición Número de inventario Total de préstamos Signatura topográfica completa Código de barras Fecha visto por última vez Precio válido a partir de Tipo de ítem Koha
El ejemplar forma parte de la colección y puede ser consultado según las políticas vigentes.       Biblioteca del Museo Franz Mayer (Rogerio Casas-Alatriste) Biblioteca del Museo Franz Mayer (Rogerio Casas-Alatriste) 25/10/2013 Y21   DD20 .D48 1950 (Y21) 8436 22/03/2019 22/03/2019 Libros